000 00558nam a2200193 i 4500
001 bg
245 0 0 _aKlasyfikacja rodzajowa środków trwałych GUS.
260 _aGdańsk :
_bOśrodek Doradztwa i Doskonalenia Kadr,
_c1999.
300 _a169 s. ;
_c24 cm.
500 _aPrzedruk w całości publikacji: Zeszyty Metodyczne GUS.
650 9 _aŚrodki trwałe
_xklasyfikacja
020 _a8386141212
040 _cBPK
041 0 _apl
080 _a658.2(083.44)
920 _a83-86141-21-2
942 _cKA
008 s pl f |000 0 pol
999 _c24301
_d24301
856 _uhttp://koha.tu.koszalin.pl/cgi-bin/koha/opac-detail.pl?biblionumber=24301
_yKatalog online BPK